000 00356nam a22001457a 4500
008 210302b ||||| |||| 00| 0 eng d
020 _a9781559633772
041 _aeng
080 _a574
082 _a574
100 _a9
101 _aMJE
245 _aA Citizen's Guide to Conducting a Community Enviromental Inventory
_cHarker, D.F
942 _2udc
_cBK
999 _c55440
_d55440